000 00327 a2200157 4500
001 73520
020 _a8571490066
040 _cAnchieta - Colégio São Paulo
100 _aDias, José Umberto
240 1 0 _aDadá
_lpor
245 1 0 _aDadá
300 _a98
362 0 _a1989
650 4 _aFicção brasileira
942 _cBK
999 _c73520
_d73520